000 00357 a2200169 4500
001 165698
020 _a85-16-02370-2
040 _cMagnum
100 _aBandeira, Pedro
240 1 0 _aDroga de americana!
_lpor
245 1 0 _aDroga de americana!
300 _a157
362 0 _a1999
440 1 _aModerna
697 _aLITERATURA JUVENIL
942 _cBK
999 _c165698
_d165698